Kaštieľ v Rusovciach - kto vlastne nesie zodpovednosť za stratu jeho hodnoty?

Uložené v:
Podrobná bibliografia
Hlavný autor: Harumová, Anna, 1955-
Médium: Kapitola
Jazyk:Slovak
Tagy: Pridať tag
Žiadne tagy, Buďte prvý, kto otaguje tento záznam!

MARC

LEADER 00000nla a2200000 4500
001 0215085
005 20240502073606.8
041 0 |a slo 
044 |a SK 
245 1 0 |a Kaštieľ v Rusovciach - kto vlastne nesie zodpovednosť za stratu jeho hodnoty?  |c Anna Harumová 
100 1 |a Harumová, Anna, 1955-